| 000 | 00754nam a2200265Ia 4500 | ||
|---|---|---|---|
| 003 | OSt | ||
| 005 | 20220926023026.0 | ||
| 006 | a|||||r|||| 00| 0 | ||
| 007 | ta | ||
| 008 | 220923b |||||||| |||| 00| 0 eng d | ||
| 037 | _cGeneral Book | ||
| 040 |
_aRTL _cRTL _beng |
||
| 041 |
_2eng _aeng |
||
| 082 | _aY:5.73.N5, J8 | ||
| 100 |
_aTaeuber Conard _9328577 |
||
| 245 | 0 | _aChanging population of the United States | |
| 260 |
_aNew York _bWiley _c1958 |
||
| 300 |
_axi, 357p. _ccm. |
||
| 490 | _aCensus Monograph Series | ||
| 500 | _aAppendix: p.327-334 | ||
| 650 | _aDemography | ||
| 700 |
_a Taeuber Irene B _9134021 |
||
| 942 |
_hY:5.73.N5, J8 _cGB _2CC |
||
| 999 |
_c640785 _d640785 |
||